000 00509nam a2200157 a 4500
001 000030288
005 20200930060212.0
008 110509s19uu dr 000 0 spa d
040 _aDO-SdBNP
_bspa
_cBNPHU
100 1 _aCruz Velez, José Manuel de la
_d1957-
_952790
245 1 3 _aLa aventura de Celenio /
_cJosé Manuel de la Cruz Velez.
260 _a[Santo Domingo] :
_b[s.n.],
_c[198?].
300 _a23 p. ;
_c21 cm.
500 _aIncluye datos biográficos del autor en la contracubierta
049 _aBNPD
999 _c29780
_d29780